Powiaty o tych samych nazwach - Statystyki

Ogólne statystyki
  • Ten quiz został rozwiązany 276 razy
  • Średni wynik to 17 z 20
Statystyki odpowiedzi
Województwo Liczba ludności Powiat Miasto powiatowe % Poprawnych
opolskie 124 343 opolski Opole
99%
podkarpackie 112 081 krośnieński Krosno
97%
śląskie 162 495 bielski Bielsko-Biała
96%
mazowieckie 78 843 nowodworski Nowy Dwór Mazowiecki
94%
wielkopolskie 161 519 ostrowski Ostrów Wielkopolski
94%
mazowieckie 91 289 grodziski Grodzisk Mazowiecki
93%
dolnośląskie 157 615 świdnicki Świdnica
92%
lubelskie 85 356 tomaszowski Tomaszów Lubelski
92%
łódzkie 118 400 tomaszowski Tomaszów Mazowiecki
92%
wielkopolskie 51 500 grodziski Grodzisk Wielkopolski
88%
lubelskie 72 509 świdnicki Świdnik
86%
opolskie 91 044 brzeski Brzeg
83%
podlaskie 56 259 bielski Bielsk Podlaski
82%
pomorskie 36 107 nowodworski Nowy Dwór Gdański
79%
wielkopolskie 57 560 średzki Środa Wielkopolska
78%
lubelskie 60 764 opolski Opole Lubelskie
75%
dolnośląskie 54 269 średzki Środa Śląska
71%
małopolskie 92 963 brzeski Brzesko
70%
lubuskie 55 855 krośnieński Krosno Odrzańskie
69%
mazowieckie 73 747 ostrowski Ostrów Mazowiecka
69%
Nie znaleziono quizów pasujących do podanych kryteriów
Rozkład punktacji
Procent ludzi z każdym wynikiem
Percentyl według liczby udzielonych odpowiedzi
Twoja historia wyników
Nie rozwiązałeś tego quizu